000 00853nam a2200253Ia 4500
003 OSt
005 20220923215906.0
006 a|||||r|||| 00| 0
007 ta
008 220922b |||||||| |||| 00| 0 hin d
024 _a182,606
037 _cTextual
040 _aARTS
_cARTS
_bhin
041 _2hin
_ahin
082 _aO152,1N11:g, M4
100 _aसक्सेना, सुनीता
245 0 _aअज्ञेय के काव्य में क्षण
246 _aAjnyeya ke kāvya mean kṣhaṇa
260 _aदिल्ली
_b पांडुलिपि प्रकाशन
_c1984
300 _a132 पृ.
_ccm.
650 _aहिन्दी साहित्य
_9156264
942 _hO152,1N11:g, M4
_cTEXL
_2CC
999 _c335970
_d335970